Principles of elemental classification for buildings (International) (Record no. 114722)
[ view plain ]
| 000 -LEADER | |
|---|---|
| fixed length control field | 01713cad a22002175a 4500 |
| 001 - CONTROL NUMBER | |
| control field | L157327 |
| 008 - FIXED-LENGTH DATA ELEMENTS--GENERAL INFORMATION | |
| fixed length control field | 121019s2012 xxk f 000 0 eng d |
| 020 ## - INTERNATIONAL STANDARD BOOK NUMBER | |
| International Standard Book Number | 9781907196348 |
| 035 ## - SYSTEM CONTROL NUMBER | |
| System control number | (Sirsi) u157327 |
| 041 0# - LANGUAGE CODE | |
| Language code of text/sound track or separate title | chinese |
| 110 2# - MAIN ENTRY--CORPORATE NAME | |
| Corporate name or jurisdiction name as entry element | Building Cost Information Services |
| 9 (RLIN) | 6102 |
| 245 00 - TITLE STATEMENT | |
| Title | Principles of elemental classification for buildings (International) |
| Medium | [electronic resource] |
| 260 ## - PUBLICATION, DISTRIBUTION, ETC. | |
| Place of publication, distribution, etc. | London |
| Name of publisher, distributor, etc. | BCIS |
| Date of publication, distribution, etc. | 2012 |
| 520 ## - SUMMARY, ETC. | |
| Summary, etc. | In response to interest from China in elemental cost analysis, BCIS has produced a simplified Chinese version of its free download Principles of elemental classification for buildings (International). Building clients, consultants and contractors need a standard classification framework to provide a consistent means of communicating functional requirements, costs and specification throughout the life cycle of a project and a building. The BCIS document presents a classification of the major parts of a building by their function. These are called 'Elements'. The application of Elements is seen around the world. Many developed countries have their own classification of Elements and almost invariably, these country codes are based on the elemental structures that BCIS originated. BCIS has produced this summary of the classification at the group element and elemental level for use internationally and in countries where there is no local standard. This document is in Chinese. |
| 521 ## - TARGET AUDIENCE NOTE | |
| Target audience note | Advanced |
| 651 #4 - SUBJECT ADDED ENTRY--GEOGRAPHIC NAME | |
| Geographic name | China |
| 651 #4 - SUBJECT ADDED ENTRY--GEOGRAPHIC NAME | |
| Geographic name | International |
| 690 ## - LOCAL SUBJECT ADDED ENTRY--TOPICAL TERM (OCLC, RLIN) | |
| Topical term or geographic name as entry element | Cost management |
| 9 (RLIN) | 6233 |
| 856 40 - ELECTRONIC LOCATION AND ACCESS | |
| Uniform Resource Identifier | <a href="https://www.bcis.co.uk/downloads/Chinese_Translation_BCIS_Principles_of_Elemental_Classification.pdf">https://www.bcis.co.uk/downloads/Chinese_Translation_BCIS_Principles_of_Elemental_Classification.pdf</a> |
| Public note | View this free of charge at www.bcis.co.uk. |
| 942 ## - ADDED ENTRY ELEMENTS (KOHA) | |
| Suppress in OPAC | 0 |
| Withdrawn status | Lost status | Source of classification or shelving scheme | Damaged status | Not for loan | Home library | Current library | Shelving location | Date acquired | Total Checkouts | Full call number | Barcode | Date last seen | Copy number | Price effective from | Koha item type |
|---|---|---|---|---|---|---|---|---|---|---|---|---|---|---|---|
| Dewey Decimal Classification | Virtual | Virtual | Online | 19/10/2012 | ONLINE PUBLICATION | 157327-2001 | 06/08/2019 | 1 | 06/08/2019 | Book |